El petróleo y su incidencia en la economía y el desarrollo de la República Dominicana / (Registro nro. 7683)

Detalles MARC
000 -LIDER
fixed length control field 01397nam a2200349 a 4500
001 - NÚMERO DE CONTROL
Identificador de número de control 000043528
003 - IDENTIFICACDOR DE NÚMERO DE CONTROL
control field DO-SdBNP
005 - DATE AND TIME OF LATEST TRANSACTION
control field 20180316151657.0
007 - CAMPOS FIJOS DE DESCRIPCIÓN FÍSICA
fixed length control field 000043528
008 - ELEMENTOS DE LONGITUD FIJA
fixed length control field 140324s2003 dr ad 000 0 spa d
020 ## - ISBN
International Standard Book Number 9993403636
040 ## - FUENTE DE CATALOGACIÓN
Agencia que crea de manera original el registro BPMSU
Idioma de catalogación spa
Agencia que realiza la transcripción BPMSU
092 ## - LOCALLY ASSIGNED DEWEY DECIMAL CALL NUMBER
Número de clasificación 553.282
Número de ítem (Cutter) P497i
245 03 - MENCIÓN DE TITULO
Título El petróleo y su incidencia en la economía y el desarrollo de la República Dominicana /
Mención de responsabilidad Leonel Fernández Reyna...[et al.].
260 ## - PUBLICACIÓN, DISTRIBUCIÓN, ETC. (PIE DE IMPRENTA)
Lugar de publicación, distribución, etc Santo Domingo :
Nombre del editor, distribuidor, etc. FUNGLODE,
Fecha de publicación, distribución, etc 2003.
300 ## - DESCRIPCIÓN FÍSICA
Extensión 283 p. :
Otros detalles físicos il., gráfcs. ;
Dimensiones 24 cm.
490 1# - MENCIÓN DE SERIES
Mención de serie Energía
Volume/sequential designation 1
500 ## - NOTA GENERAL
Nota general Incluye las ponencias y trabajos presentados en el Seminario "El petróleo y su incidencia en la economía y el desarrollo de la República Dominicana", celebrado del 13-15 de febrero del 2001, en FUNGLODE.
650 #4 - ENCABEZAMIENTO DE MATERIA--TEMÁTICO
Término temático o nombre geográfico como elemento de entrada PETRÓLEO
Subdivisión geográfica REPÚBLICA DOMINICANA
Subdivisión temática general CONGRESOS, CONFERENCIAS, ETC.
650 #4 - ENCABEZAMIENTO DE MATERIA--TEMÁTICO
Término temático o nombre geográfico como elemento de entrada HIDROCARBUROS
650 #4 - ENCABEZAMIENTO DE MATERIA--TEMÁTICO
Término temático o nombre geográfico como elemento de entrada RECURSOS ENERGÉTICOS RENOVABLES
Subdivisión geográfica REPÚBLICA DOMINICANA
700 12 - ASIENTO SECUNDARIO -- NOMBRE PERSONAL
Nombre personal Fernández Reyna, Leonel
710 2# - ASIENTO SECUNDARIO -- NOMBRE CORPORATIVO
Nombre corporativo o de jurisdicción Fundación Global Democracia y Desarrollo (República Dominicana)
830 #0 - ASIENTO SECUNDARIO DE SERIE--TÍTULO UNIFORME
Título uniforme Energía
Número de la parte o sección de una obra 1
910 ## - VALIDACIÓN
Validación Validado. Control de la calidad EMS
930 #1 - EQUIVALENCE OR CROSS-REFERENCE-UNIFORM TITLE HEADING [LOCAL, CANADA]
Language of a work
Medium of performance for music
Medium
Field link and sequence number
Date of a work
Name of part/section of a work
Miscellaneous information
942 ## - ADDED ENTRY ELEMENTS (KOHA)
Source of classification or shelving scheme Dewey Decimal Classification
Koha item type Libros
945 ## - INFORMACIÓN DE PROCESAMIENTO LOCAL
Información de procesamiento local Remanejado para la BNPHU, 2018 / BT
956 ## - LOCAL ELECTRONIC LOCATION AND ACCESS (OCLC)
Nombre de host
Número de acceso
Información de compresión
Inicio de sesión
Procesador de solicitud 103
956 ## - LOCAL ELECTRONIC LOCATION AND ACCESS (OCLC)
Nombre de host VMATEO
Número de acceso 10
Información de compresión 20140502
Inicio de sesión BPMSU
Procesador de solicitud 0069
956 ## - LOCAL ELECTRONIC LOCATION AND ACCESS (OCLC)
Nombre de host
Número de acceso
Información de compresión
Inicio de sesión
Procesador de solicitud
Existencias
Withdrawn status Lost status Source of classification or shelving scheme Damaged status Not for loan Home library Current library Date acquired Total Checkouts Full call number Barcode Date last seen Price effective from Koha item type
    Dewey Decimal Classification     Biblioteca Pública Metropolitana Salomé Ureña Biblioteca Pública Metropolitana Salomé Ureña 04/23/2015   553.282 P497i BPMSU15040026 04/23/2015 04/23/2015 Libros